00410nam a2200169Ia 4500008004100000041001200041082001200053100002000065245003100085365000800116520001400124546001200138630003100150650001400181655001400195730003100209101110s9999 xx 000 0 und d aENGLISH bSR22275 aChunawalla S.A. aEssentials of Pharmacology b275 aChemistry aENGLISH aEssentials of Pharmacology aChemistry aChemistry aEssentials of Pharmacology